000 00478nam a2200181Ia 4500
008 230917s9999||||xx |||||||||||||| ||und||
020 _cRS950
040 _e249979
_aMAIN
041 _aEnglish
082 _a660.6 B292B(3)
100 _aRatledge, Colin, ed.
245 0 _aBasic biotechnology
250 _a3rd ed.
260 _aDelhi
_bCambridge University Press
_c2017
300 _axv, 666 p.
500 _a3266 05/09/2018 HBD18/7489 14/09/2018 UIET (SFS)
942 _cBK
999 _c28203
_d28203